[Event "Gornozavodsk op"]
[Site "Gornozavodsk"]
[Date "2010.11.07"]
[Round "8"]
[White "Sharipov, Rais"]
[Black "Turov, Vladimir"]
[Result "0-1"]
[WhiteElo "1966"]
[BlackElo "2133"]
[PlyCount "40"]
[EventDate "2010.11.01"]
[EventType "swiss"]
[EventRounds "10"]
[EventCountry "RUS"]
[SourceTitle "EXT 2012"]
[Source "ChessBase"]
[SourceDate "2011.11.24"]
[SourceVersion "1"]
[SourceVersionDate "2011.11.24"]
[SourceQuality "1"]

1. e4 c6 2. Nf3 d5 3. d4 dxe4 4. Ne5 Nf6 5. Bg5 h6 6. Be3 Bf5 7. Nc3 e6 8. f3 exf3 9. Nxf3 Nbd7 10. Bd3 Bxd3 11. Qxd3 Bd6 12. 0-0 0-0 13. Ne4 Nxe4 14. Qxe4 Nf6 15. Qd3 Bc7 16. c4 Qd6 17. Ne5 c5 18. Bf4 Qxd4+ 19. Qxd4 cxd4 20. Rfd1 Nh5 0-1

[Event "Gornozavodsk op"]
[Site "Gornozavodsk"]
[Date "2010.11.05"]
[Round "6"]
[White "Sharipov, Rais"]
[Black "Kotchnev, Andrey"]
[Result "1-0"]
[WhiteElo "1966"]
[BlackElo "2067"]
[PlyCount "35"]
[EventDate "2010.11.01"]
[EventType "swiss"]
[EventRounds "10"]
[EventCountry "RUS"]
[SourceTitle "EXT 2012"]
[Source "ChessBase"]
[SourceDate "2011.11.24"]
[SourceVersion "1"]
[SourceVersionDate "2011.11.24"]
[SourceQuality "1"]

1. e4 c5 2. f4 d5 3. e5 Nc6 4. Nf3 Bg4 5. c3 e6 6. Be2 Qb6 7. 0-0 c4+ 8. Kh1 Bxf3 9. Bxf3 Nge7 10. b4 a6 11. Na3 Ng6 12. d4 Be7 13. f5 exf5 14. Bxd5 Rd8 15. Bxc4 Nh4 16. g3 Ng6 17. Rxf5 0-0 18. Qf3 1-0

[Event "Gornozavodsk Europe-Asia op"]
[Site "Gornozavodsk"]
[Date "2009.11.12"]
[Round "?"]
[White "Voytuyk, Valery"]
[Black "Sharipov, Rais"]
[Result "0-1"]
[WhiteElo "1916"]
[BlackElo "1973"]
[PlyCount "56"]
[EventDate "2009.11.07"]
[EventType "swiss"]
[EventRounds "11"]
[EventCountry "RUS"]
[SourceTitle "EXT 2012"]
[Source "ChessBase"]
[SourceDate "2011.11.24"]
[SourceVersion "1"]
[SourceVersionDate "2011.11.24"]
[SourceQuality "1"]

1. e4 c5 2. Nf3 Nc6 3. Nc3 Nf6 4. d3 e6 5. Be2 Be7 6. 0-0 0-0 7. h3 d5 8. exd5 exd5 9. Nh2 Nd4 10. b3 Re8 11. a4 a6 12. Re1 Bf5 13. Nf3 Nxe2+ 14. Nxe2 Qd7 15. Nh2 Bd6 16. Bf4 Be5 17. Bxe5 Rxe5 18. Ng3 Rae8 19. Rxe5 Rxe5 20. Nxf5 Qxf5 21. Ng4 Re6 22. Nxf6+ Qxf6 23. Rb1 Qd4 24. Qd2 g6 25. c3 Qe5 26. a5 b6 27. Kf1 Qf5 28. g3 Qxh3+ 0-1

[Event "Europe-Asia op"]
[Site "Perm"]
[Date "2008.11.??"]
[Round "1"]
[White "Chukharev, Sergey"]
[Black "Sharipov, Rais"]
[Result "1-0"]
[WhiteElo "2355"]
[BlackElo "2020"]
[PlyCount "60"]
[EventDate "2008.11.10"]
[EventType "swiss"]
[EventRounds "11"]
[EventCountry "RUS"]
[SourceTitle "EXT 2022"]
[Source "ChessBase"]
[SourceDate "2021.10.06"]
[SourceVersion "1"]
[SourceVersionDate "2021.10.06"]
[SourceQuality "1"]

1. e4 c5 2. Nf3 e6 3. c3 Nc6 4. Be2 Nf6 5. d3 g6 6. 0-0 Bg7 7. Be3 Ng4 8. h3 Nxe3 9. fxe3 0-0 10. d4 Qb6 11. Qc2 Bh6 12. Kf2 e5 13. Nbd2 Bg7 14. Nc4 Qc7 15. d5 Nb8 16. a4 f5 17. d6 Qd8 18. Ncxe5 Nc6 19. Bc4+ Kh8 20. Nf7+ Rxf7 21. Bxf7 Qf8 22. Bd5 h6 23. Nh4 Qxd6 24. Bxc6 dxc6 25. exf5 Bxf5 26. Nxf5 gxf5 27. Kg1 Qe5 28. Rxf5 Qxe3+ 29. Qf2 Qxf2+ 30. Kxf2 a6 1-0

[Event "Gornozavodsk op"]
[Site "Gornozavodsk"]
[Date "2007.11.??"]
[Round "6"]
[White "Grebionkin, Vasily"]
[Black "Sharipov, Rais"]
[Result "0-1"]
[WhiteElo "2079"]
[BlackElo "2385"]
[PlyCount "42"]
[EventDate "2007.11.??"]
[EventType "swiss"]
[EventRounds "11"]
[EventCountry "RUS"]
[SourceTitle "CBM 121 Extra"]
[Source "ChessBase"]
[SourceDate "2008.01.10"]
[SourceVersion "1"]
[SourceVersionDate "2008.01.10"]
[SourceQuality "1"]

1. e4 c5 2. Nf3 d6 3. d4 cxd4 4. Nxd4 Nf6 5. Nc3 a6 6. Bg5 e6 7. f4 Qc7 8. Qf3 Nbd7 9. 0-0-0 b5 10. e5 Bb7 11. Qh3 dxe5 12. Nxe6 fxe6 13. Qxe6+ Be7 14. Bxb5 0-0-0 15. Qxe7 axb5 16. Nxb5 Qc5 17. Bxf6 gxf6 18. Nd6+ Kb8 19. fxe5 fxe5 20. Rhe1 Bxg2 21. Rxe5 Qxe5 0-1